000 00356 a2200169 4500
001 176834
020 _a
040 _cMagnum
100 _aCaldas, Paulo
240 1 0 _aEra uma vez um quintal
_lpor
245 1 0 _aEra uma vez um quintal
300 _a52
362 0 _a1993
440 1 _aBagaço
697 _aLITERATURA INFANTO-JUVENIL
942 _cBK
999 _c176834
_d176834